Operations research: an introduction. Ed 7. (Record no. 105398)
[ view plain ]
| 000 -LEADER | |
|---|---|
| fixed length control field | 00434nam a2200157Ia 4500 |
| 008 - FIXED-LENGTH DATA ELEMENTS--GENERAL INFORMATION | |
| fixed length control field | 210210b2002 xxu||||| |||| 00| 0 eng d |
| 020 ## - INTERNATIONAL STANDARD BOOK NUMBER | |
| International Standard Book Number | 81 203 2235 5 |
| 082 ## - DEWEY DECIMAL CLASSIFICATION NUMBER | |
| Classification number | 001.424 TAHO |
| 100 ## - MAIN ENTRY--PERSONAL NAME | |
| Personal name | TAHA (Hamdy A). |
| 245 ## - TITLE STATEMENT | |
| Title | Operations research: an introduction. Ed 7. |
| 250 ## - EDITION STATEMENT | |
| Edition statement | |
| 260 ## - PUBLICATION, DISTRIBUTION, ETC. | |
| Place of publication, distribution, etc. | New Delhi. |
| Name of publisher, distributor, etc. | Prentice-Hall of India Private Limited |
| Date of publication, distribution, etc. | 2002 |
| 300 ## - PHYSICAL DESCRIPTION | |
| Extent | xvii,830 |
| 690 ## - LOCAL SUBJECT ADDED ENTRY--TOPICAL TERM (OCLC, RLIN) | |
| Topical term or geographic name as entry element | Operations Research |
| 906 ## - LOCAL DATA ELEMENT F, LDF (RLIN) | |
| a | 058080 |
| Withdrawn status | Lost status | Damaged status | Not for loan | Collection code | Home library | Current library | Shelving location | Date acquired | Source of acquisition | Cost, normal purchase price | Total Checkouts | Full call number | Barcode | Date last seen | Price effective from | Koha item type |
|---|---|---|---|---|---|---|---|---|---|---|---|---|---|---|---|---|
| St Aloysius Library | St Aloysius Library | 02/17/2021 | Sita Book House, Mangalore. | 295.00 | 001.424 TAHO | 058080 | 02/17/2021 | 02/17/2021 | Book |